Cathédrales belges (images) - Statistiques

Statistiques générales
  • Ce quiz a été pris 18 fois
    14 depuis la dernière actualisation
  • Le résultat moyen est 7 sur 9
Statistiques - réponses
Par images Réponse % Correct
Anvers (Cathédrale Notre-Dame)
100%
Bruxelles (Cathédrale Saint-Michel-et-Gudule)
100%
Namur (Cathédrale Saint-Aubain)
92%
Tournai (Cathédrale Notre-Dame)
92%
Liège (Cathédrale Saint-Paul)
83%
Malines (Cathédrale Saint-Rombaut)
83%
Bruges (Cathédrale Saint-Sauveur)
75%
Gand (Cathédrale Saint-Bavon)
67%
Hasselt (Cathédrale Saint-Quentin)
50%
Aucun quiz correspondant
Distribution des résultats
% des personnes avec chaque résultat
Percentile par nombre de réponses
Votre historique - résultats
Vous n’avez pas pris ce quiz depuis la dernière actualisation